| 000 | 00428 a2200145 4500 | ||
|---|---|---|---|
| 020 | _a9812548513 | ||
| 024 | _a9789812548511 | ||
| 082 | _a650.1 | ||
| 090 |
_c1955 _d1955 |
||
| 100 | _aMoss, Geofrey. | ||
| 245 |
_aTime Management _bGuidelines, Checklists and Golden Rules for Managing Yourself _cGeoffrey Moss |
||
| 260 |
_aNew Delhi, India _bVijay Nicole Private Limited _c2004 |
||
| 300 | _a201 | ||
| 942 |
_aNBS _cBK _k650.1 MOS |
||
| 999 |
_c344459 _d344459 |
||